000 01174cam a22003497a 4500
003 CHAP
005 20220329142334.0
008 000816d2000 mx r 00110 spa d
010 _a81989
011 _a82961
035 _a93469
040 _cCHAP
090 _aTesis
100 0 0 _aUrbina Sánchez, Elizabeth.
_9116871
245 1 0 _aUso de diferentes tipos de vermicomposta como fertilizante orgánico en el cultivo del rosal
_c/por Elizabeth Urbina Sánchez
260 _aChapingo, Méx. :
_bEl autor,
_c2000.
300 _a142 h. :
_bgráfs.
502 _aTesis( M.C. en Horticultura) -- UACH. Departamento de Fitotecnia
590 _aALEPH
_b10
_c20130110
_lUCH01
_h1437
590 _aBATCH-UPD
_b10
_c20130110
_lUCH01
_h0425
590 _aBATCH-UPD
_b10
_c20130410
_lUCH01
_h0100
590 _aBATCH-UPD
_b10
_c20130914
_lUCH01
_h1021
590 _aCONVERSION
_b10
_c20130109
_lUCH01
_h1345
650 1 4 _aAbonos.
_9235
650 1 4 _aCompost.
_926105
650 1 4 _aRosas.
_999959
901 _aBK
905 _aBlanca M. García O.
942 _cFOLL
949 _bBC
_cTES
_d33724000787214
_eTS2
_fc.2
_h36891
_i93469
_si
949 _bBC
_cTES
_d934691
_eTS1
_h36890
_i93469
_sb
999 _c81989
_d81989